Theory of Structures (Record no. 14832)
[ view plain ]
| 000 -LEADER | |
|---|---|
| fixed length control field | 00354cam a2200145ua 4500 |
| 020 ## - INTERNATIONAL STANDARD BOOK NUMBER | |
| ISBN | 9788121905206 |
| 082 ## - DEWEY DECIMAL CLASSIFICATION NUMBER | |
| Classification number | 624.171 |
| Item number | KHU/TH |
| 100 ## - MAIN ENTRY--AUTHOR NAME | |
| Personal name | Khurmi, R.S . |
| 245 ## - TITLE STATEMENT | |
| Title | Theory of Structures |
| 250 ## - EDITION STATEMENT | |
| Edition statement | 12 rev |
| 260 ## - PUBLICATION, DISTRIBUTION, ETC. (IMPRINT) | |
| Place of publication | New Delhi : |
| Name of publisher | S. Chand and Company Limited. |
| Year of publication | 2016 |
| 300 ## - PHYSICAL DESCRIPTION | |
| Number of Pages | 710p |
| 700 ## - ADDED ENTRY--PERSONAL NAME | |
| Personal name | Khurmi, N |
| 942 ## - ADDED ENTRY ELEMENTS (KOHA) | |
| Koha item type | Books |
| Withdrawn status | Lost status | Damaged status | Collection code | Home library | Current library | Shelving location | Date acquired | Source of acquisition | Cost, normal purchase price | Full call number | Accession Number | Koha item type |
|---|---|---|---|---|---|---|---|---|---|---|---|---|
| KAUAET | KAUAET | General Stacks | 30/03/2017 | Vigyan Books, Delhi | 595.00 | 624.171 KHU/TH | 25390 | Books | ||||
| KAUAET | KAUAET | General Stacks | 30/03/2017 | Vigyan Books, Delhi | 595.00 | 624.171 KHU/TH | 25391 | Books | ||||
| KAUAET | KAUAET | General Stacks | 30/03/2017 | Vigyan Books, Delhi | 595.00 | 624.171 KHU/TH | 25392 | Books |
